| 000 | 00486cam a2200145 4500500 | ||
|---|---|---|---|
| 005 | 20260322003943.0 | ||
| 041 | _afre | ||
| 042 | _adc | ||
| 100 | 1 | 0 |
_aJoël, Marie-Ève _eauthor |
| 245 | 0 | 0 | _aLe financement de la dépendance en Europe |
| 260 | _c1992. | ||
| 500 | _a7 | ||
| 786 | 0 | _nGérontologie et société | 15 / 60 | 1 | 1992-09-01 | p. 41-58 | 0151-0193 | |
| 856 | 4 | 1 | _uhttps://shs.cairn.info/revue-gerontologie-et-societe1-1992-1-page-41?lang=fr&redirect-ssocas=7080 |
| 999 |
_c1736271 _d1736271 |
||